000 00354nam a2200145 a 4500
008 981214s1977||||xx 0 und c
040 _aSNK
_bslo
_cSNK
_eAACR2
100 1 _aMann, Thomas
245 1 0 _aJozef a jeho bratia 2
260 _aBratislava
_bSlovenský spisovateľ
_c1977
300 _a640 s.
044 _axo
_cSK
041 _aslo
020 _c98
999 _c12114
_d12114